LEADER 01159nam2 22002891i 450 001 RML0317171 005 20231121125755.0 100 $a20121121d2010 ||||0itac50 ba 101 | $aita 102 $ait 181 1$6z01$ai $bxxxe 182 1$6z01$an 200 1 $aVolume 10.$fa cura di Cristina Giorcelli 210 $aPalermo $cILA Palma $d©2010 215 $a309 p.$cill.$d22 cm 225 | $aQuaderni di studi di letteratura. - Palermo $eILA Palma 410 0$1001RML0332124$12001 $aQuaderni di studi di letteratura. - Palermo $eILA Palma 461 1$1001TO00342881$12001 $aAbito e identità$ericerche di storia letteraria e culturale$fa cura di Cristina Giorcelli 700 1$aGiorcelli$b, Cristina$3RMLV204740$0201299 801 3$aIT$bIT-01$c20121121 850 $aIT-FR0017 899 $aBiblioteca umanistica Giorgio Aprea$bFR0017 912 $aRML0317171 950 2$aBiblioteca umanistica Giorgio Aprea$d 52CIS 12/2064.10$e 52VM 0000877695 VM barcode:00083165. - Inventario:12930 SBA_BAUMVM$fA $h20110630$i20121204 977 $a 52 996 $aVolume 10$93632930 997 $aUNICAS